Statistics for Countries That Make Up At Least 5% of Their Continent's Area

Click here to take the quiz!

General Stats

  • This quiz has been taken 38 times
    (25 since last reset)
  • The average score is 20 of 22

Answer Stats

ContinentPercentageAnswer% Correct
South America15.61%Argentina
100%
South America47.80%Brazil
100%
North America41.20%Canada
100%
North America39.31%United States
100%
Oceania90.37%Australia
95%
Asia21.51%China
95%
North America8.10%Mexico
95%
Europe39.35%Russia
95%
Africa7.72%Democratic Republic of the Congo
90%
Asia7.36%India
90%
South America7.21%Peru
90%
Europe6.03%Ukraine
90%
Africa7.84%Algeria
86%
South America6.16%Bolivia
86%
Europe5.43%France
86%
Asia6.10%Kazakhstan
86%
Oceania5.43%Papua New Guinea
86%
Europe5.05%Spain
86%
South America6.40%Colombia
81%
South America5.14%Venezuela
81%
Africa6.13%Sudan
76%
Africa5.79%Libya
71%

Score Distribution

Percentile by Number Answered

Percent of People with Each Score

Your Score History

You have not taken this quiz since the last reset